| 000 | 00661nam a2200241 4500 | ||
|---|---|---|---|
| 001 | 72972 | ||
| 005 | 20260512143355.0 | ||
| 010 | _a9789724750545 | ||
| 090 | _a72972 | ||
| 100 | _a20260512d2017 m||y0pory50030103ba | ||
| 101 | 1 | _apor | |
| 102 | _aPT | ||
| 200 | 1 |
_aFotografia digital _ecurso completo _fDavid Taylor... [et al.] _gtrad. Luís Santos |
|
| 205 | _a2<U+00AA> ed | ||
| 210 | 9 |
_aLisboa _cTexto _d2017 |
|
| 215 |
_a360 p _cil. |
||
| 304 | _aTít. orig.: Digital photography | ||
| 675 |
_a77.02(083.1) _vBN _zpor |
||
| 675 |
_a004.91(083.1) _vBN _zpor |
||
| 701 | 1 |
_aTaylor, _bDavid _4070 |
|
| 702 |
_aSantos _bLuís _941274 _4730 |
||
| 801 | 0 |
_aPT _bBN _gRPC |
|
| 942 |
_cMON _n0 |
||